Human rights in a changing world : (Record no. 1602)

MARC details
000 -LEADER
fixed length control field 01059cam a2200301 a 4500
001 - CONTROL NUMBER
control field data
005 - DATE AND TIME OF LATEST TRANSACTION
control field 20260322212108.0
008 - FIXED-LENGTH DATA ELEMENTS--GENERAL INFORMATION
fixed length control field data
035 ## - SYSTEM CONTROL NUMBER
System control number 20850896
010 ## - LIBRARY OF CONGRESS CONTROL NUMBER
LC control number 2018420475
020 ## - INTERNATIONAL STANDARD BOOK NUMBER
International Standard Book Number 9781536138832
020 ## - INTERNATIONAL STANDARD BOOK NUMBER
Canceled/invalid ISBN 9781536138849
Qualifying information ebook
040 ## - CATALOGING SOURCE
Original cataloging agency DLC
Transcribing agency DLC
Modifying agency DLC
042 ## - AUTHENTICATION CODE
Authentication code pcc
050 00 - LIBRARY OF CONGRESS CALL NUMBER
Classification number JC571
Item number .H769613 2018
245 00 - TITLE STATEMENT
Title Human rights in a changing world :
Remainder of title research and applied approaches/
Statement of responsibility, etc. Artemis Z. Giotsa, editor.
260 ## - PUBLICATION, DISTRIBUTION, ETC.
Place of publication, distribution, etc. New York :
Name of publisher, distributor, etc. NOVA Science Publishers,
Date of publication, distribution, etc. [2018]
300 ## - PHYSICAL DESCRIPTION
Extent xv, 315 pages :
Other physical details illustrations ;
Dimensions 23 cm.
336 ## - CONTENT TYPE
Content type term text
Content type code txt
Source rdacontent
337 ## - MEDIA TYPE
Media type term unmediated
Media type code n
Source rdamedia
490 0# - SERIES STATEMENT
Series statement Human rights contemporary issues and perspectives.
504 ## - BIBLIOGRAPHY, ETC. NOTE
Bibliography, etc. note Includes bibliographical references and index.
650 #0 - SUBJECT ADDED ENTRY--TOPICAL TERM
Topical term or geographic name entry element Human rights.
650 #7 - SUBJECT ADDED ENTRY--TOPICAL TERM
Topical term or geographic name entry element Human rights
906 ## - LOCAL DATA ELEMENT F, LDF (RLIN)
a 7
b cbc
c origres
d 2
e ncip
f 20
g y-gencatlg needs rda
925 0# -
-- acquire
-- 1 shelf copy
-- policy default
955 ## - COPY-LEVEL INFORMATION (RLIN)
-- re12 2019-04-24 copy 2 to discard
Holdings
Withdrawn status Lost status Damaged status Not for loan Home library Current library Shelving location Date acquired Total checkouts Full call number Barcode Date last seen Price effective from Koha item type
        Liberty Liberty General stacks 22/03/2026   JC571 LOC-LPL-00065 22/03/2026 22/03/2026 Books